من وثائق العائلات القبطية : (Record no. 62991)
[ view plain ]
| 000 -الفاتح | |
|---|---|
| حقل البيانات ثابتة الطول | 01331nam a22003257a 4500 |
| 005 - وقت وتاريخ اخر تعامل مع التسجيلة | |
| رقم الضبط | 20240530110618.0 |
| 008 - عناصر البيانات ثابتة الطول - معلومات عامة | |
| حقل البيانات ثابتة الطول | 161205s2102 ua h g 000 0 ara d |
| 017 ## - رقم الايداع القانونى | |
| رقم الايداع القانونى | 2012/14299 |
| المصدر ( الهيئة المختصة) | مصر . دار الكتب المصرية |
| 020 ## - الرقم الدولى المعيارى للكتب | |
| الرقم الدولى المعيارى للكتاب | 9789771809111 |
| 040 ## - مصدر الفهرسة | |
| وكالة الفهرسة الأصلية | EG-CaGPL |
| 082 ## - رقم تصنيف ديوى العشرى | |
| رقم الطبعة | 21 |
| رقم التصنيف | 922.71 |
| رقم المادة | ق/خ م |
| 245 03 - بيان العنوان | |
| العنوان | من وثائق العائلات القبطية : |
| بقية العنوان | قراءة في اوراق عائلة بطرس باشا غالي / |
| بيان المسئوليه,etc | خالد عزب (و اخ ...) |
| 260 ## - PUBLICATION, DISTRIBUTION, ETC. (IMPRINT) | |
| تاريخ النشر أو التوزيع | 2012 |
| 300 ## - الوصف المادى | |
| التعداد | 589 ص. : |
| تفاصيل ماديه اخرى للوعاء | صور ؛ |
| أبعاد الوعاء | 24 سم. |
| 490 0# - بيان السلسلة | |
| عنوان السلسلة | دراسات وثائقية ؛ |
| رقم المجلد/ التعيين التسلسلي | 6 |
| 600 07 - المدخل الاضافى بالموضوع-اسم شخصى | |
| مصدر الرأس أو المصطلح | qrmak |
| الإسم الشخصى | بطرس غالي |
| 600 07 - المدخل الاضافى بالموضوع-اسم شخصى | |
| مصدر الرأس أو المصطلح | qrmak |
| الإسم الشخصى | نجيب بطرس غالي |
| 600 07 - المدخل الاضافى بالموضوع-اسم شخصى | |
| مصدر الرأس أو المصطلح | qrmak |
| الإسم الشخصى | واصف بطرس غالي |
| 600 07 - المدخل الاضافى بالموضوع-اسم شخصى | |
| مصدر الرأس أو المصطلح | qrmak |
| الإسم الشخصى | يوسف بطرس غالي |
| 600 07 - المدخل الاضافى بالموضوع-اسم شخصى | |
| مصدر الرأس أو المصطلح | qrmak |
| الإسم الشخصى | مريت نجيب بطرس غالي |
| 600 07 - المدخل الاضافى بالموضوع-اسم شخصى | |
| مصدر الرأس أو المصطلح | qrmak |
| الإسم الشخصى | جفري نجيب بطرس غالي |
| 650 07 - المدخل الاضافى بالموضوع-مصطلح موضوعى | |
| مصدر الرأس أو المصطلح | qrmak |
| مصطلح موضوعي | الانساب العربية |
| 650 07 - المدخل الاضافى بالموضوع-مصطلح موضوعى | |
| مصدر الرأس أو المصطلح | qrmak |
| مصطلح موضوعي | الاقباط |
| 700 0# - المدخل الاضافى - اسم شخصى | |
| الإسم الشخصى | خالد عزب |
| الدور | معد |
| 700 0# - المدخل الاضافى - اسم شخصى | |
| الإسم الشخصى | ايمن منصور |
| الدور | معد |
| 700 0# - المدخل الاضافى - اسم شخصى | |
| الإسم الشخصى | محمد حجازي |
| الدور | معد |
| 700 0# - المدخل الاضافى - اسم شخصى | |
| الإسم الشخصى | رضوى علي |
| الدور | معد |
| 942 ## - عناصر المدخل الإضافي( كوها) | |
| مصدر التصنيف او مخطط الترفيف | Dewey Decimal Classification |
| Koha [default] item type | كتاب |
| 260 ## - PUBLICATION, DISTRIBUTION, ETC. (IMPRINT) | |
| -- | القاهرة : |
| -- | دار الكتب والوثائق القومية ، |
| حالة التراجع | حالة الفقد | حالة تلف | ليس للاعارة | المكان المؤقت | الموقع الحالى | موقع الترفيف | تاريخ الاكتساب | اجمالي اﻻعارات | رقم الطلب | الباركود | تاريخ اخر مشاهدة | تاريخ تفعيل السعر | نوع وعاء كوها |
|---|---|---|---|---|---|---|---|---|---|---|---|---|---|
| مكتبة القاهرة الكبرى | مكتبة القاهرة الكبرى | القاعة الرئيسية | 12/05/2016 | ق/922.71\خ م | 162933 | 12/05/2016 | 12/05/2016 | كتاب |

